000 01825cam a22003494a 4500
999 _c33950
_d33950
001 16522730
003 OSt
005 20170220100548.0
008 101028s2011 flua b 001 0 eng
010 _a 2010043666
020 _a9781439811320 (hardback)
040 _aDLC
_cDLC
_dDLC
050 0 0 _aQD461
_b.E678 2011
082 0 0 _a541/.22
_222
084 _aSCI013000
_aSCI013050
_aSCI013060
_2bisacsh
245 0 0 _aEquilibrium Molecular Structures :
_bFrom Spectroscopy to Quantum Chemistry /
_cedited by Jean Demaison, James E. Boggs, Attila G. Csaszar.
260 _aBoca Raton :
_bCRC Press,
_c2011.
300 _axx, 282 p. :
_bill. ;
_c24 cm.
504 _aIncludes bibliographical references and indexes.
520 _a"Written following a new paradigm, this textbook takes advantage of the insight of world experts who have contributed chapters and relies upon its editors to seamlessly integrate the information into a unified presentation. It covers experimental and computational techniques and compares different methods. The book goes on to describe their interplay and the advantages of their combined use. It is not merely a review of the modern literature, but a true textbook that can be used by advanced students"--
650 0 _aMolecular structure
_vTextbooks.
650 0 _aQuantum chemistry
_vTextbooks.
650 7 _aSCIENCE / Chemistry / General
_2bisacsh.
650 7 _aSCIENCE / Chemistry / Physical & Theoretical
_2bisacsh.
650 7 _aSCIENCE / Chemistry / Industrial & Technical
_2bisacsh.
700 1 _aDemaison, J.
_q(Jean)
700 1 _aBoggs, James E.,
_d1921-
700 1 _aCsászár, Attila G.
906 _a7
_bcbc
_corignew
_d1
_eecip
_f20
_gy-gencatlg
942 _2ddc
_cBK